हिन्दी पत्रकारिता दूरदर्शन और टेलीफिल्में / (Record no. 61940)

MARC details
000 -LEADER
fixed length control field 00816nam a22001817a 4500
005 - DATE AND TIME OF LATEST TRANSACTION
control field 20120204101359.0
020 ## - INTERNATIONAL STANDARD BOOK NUMBER
Terms of availability 100.00
International Standard Book Number
035 ## - SYSTEM CONTROL NUMBER
System control number B-28275
037 ## - SOURCE OF ACQUISITION
Source of stock number/acquisition
Stock number dpl
082 ## - DEWEY DECIMAL CLASSIFICATION NUMBER
Classification number 070.195
100 ## - MAIN ENTRY--PERSONAL NAME
Personal name चड्ढा, सविता
245 1# - TITLE STATEMENT
Title हिन्दी पत्रकारिता दूरदर्शन और टेलीफिल्में /
Statement of responsibility, etc सविता चड्ढा
260 ## - PUBLICATION, DISTRIBUTION, ETC. (IMPRINT)
Place of publication, distribution, etc दिल्ली
Name of publisher, distributor, etc राजसूर्य प्रकाशन
Date of publication, distribution, etc 2000
270 ## - ADDRESS
Address
City
Postal code
Telephone number
300 ## - PHYSICAL DESCRIPTION
Extent 96पृ.
Dimensions 22सेमी (सजिल्द)
942 ## - ADDED ENTRY ELEMENTS (KOHA)
Institution code [OBSOLETE] dpl
Item type Hindi Books
Call number prefix
Source of classification or shelving scheme Dewey Decimal Classification
Classification part 070.195
Call number suffix चड्ढा
Holdings
Withdrawn status Lost status Not for loan Collection code Home library Current library Date acquired Cost, normal purchase price Full call number Barcode Cost, replacement price Koha item type
      Non-fiction Sarojini Nagar Sarojini Nagar 04/02/2012 100.00 070.195 चड्ढा B-28275 100.00 Hindi Books

© Delhi Public Library
Hit Counter
free hit counter